00425nam a2200169Ia 4500003000400000005001700004008004100021040000700062041001200069082001500081100002300096245007500119260003200194365000800226440000600234650001500240OSt20250726144354.0210423s1963 xx 000 0 und d cAL aEnglish a100 bCOPH aFrderick Copleston aHistroy of philosophy: greece and rome part b: greece and rome part 1 bState Resource Centrec1963 cINR v3 aPhilosophy